000 00676nam a2200241Ia 4500
003 OSt
005 20251103173633.0
008 210423s2009 xx 000 0 und d
020 _a9788175348035
040 _cAL
041 _aEnglish
082 _a340
_bKUME
100 _aKumar H L
_9119766
245 _aEmployees state insurance act, rules and regulations
260 _aNew Delhi
_bUniversal Law Publications
_c2009
300 _axlv,402
_bPB
365 _b350
_cINR
650 _aLaw
_9119767
650 _aSocial Sciences
_9119768
700 _aKumar, Gaurav
_9243636
906 _aact, ; Employees ; insurance ; regulations ; rules ; state
942 _2ddc
_cBK
999 _c175735
_d175735